Statistics for Countries Divided into Noncontiguous Parts

Click here to take the quiz!

General Stats

  • This quiz has been taken 2,384 times
    (2,073 since last reset)
  • The average score is 16 of 24

Answer Stats

Largest Part2nd-Largest PartCountry% Correct
7,663,941 (78%)1,717,856 (17%)United States
95%
209,331 (86%)14,130 (6%)United Kingdom
93%
544,150 (29%)420,540 (22%)Indonesia
91%
225,800 (60%)83,453 (22%)Japan
89%
543,015 (84%)83,534 (13%)France
87%
198,481 (60%)132,321 (40%)Malaysia
84%
150,437 (56%)113,729 (42%)New Zealand
84%
8,984,670 (90%)507,451 (5%)Canada
83%
251,526 (83%)25,708 (9%)Italy
80%
109,965 (37%)104,530 (35%)Philippines
78%
105,566 (80%)8,303 (6%)Greece
74%
756,816 (96.6%)23,764 (3%)Turkey
64%
323,802 (84%)37,673 (9.8%)Norway
60%
406,900 (88%)36,520 (8%)Papua New Guinea
60%
10,388 (57%)5,587 (31%)Fiji
57%
3,275 (12%)2661 (9%)Solomon Islands
57%
4,768 (93%)300 (5.8%)Trinidad and Tobago
56%
3,439 (25%)1,544 (10%)The Bahamas
48%
3,955 (32%)2,041 (17%)Vanuatu
47%
81,100 (94%)5,500 (6%)Azerbaijan
39%
4,461 (77%)1,304 (23%)Brunei
35%
26,016 (93%)2,017 (7%)Equatorial Guinea
35%
14,596 (95%)814 (5%)East Timor
34%
38,326 (90%)2,673 (6.3%)Estonia
25%

Score Distribution

Percentile by Number Answered

Percent of People with Each Score

Your Score History

You have not taken this quiz since the last reset